[Event "Pere Noel"]
[Site "Montreal CAN"]
[Date "2010.12.28"]
[Round "3"]
[White "Malveau, Cedric"]
[Black "Castellanos, Renier"]
[Result "0-1"]
[WhiteElo "1970"]
[BlackElo "2482"]
[PlyCount "96"]
[EventDate "2010.12.26"]
[EventType "swiss"]
[EventRounds "5"]
[EventCountry "CAN"]

1. d4 Nf6 2. c4 e6 3. Nf3 c5 4. Nc3 a6 5. g3 cxd4 6. Nxd4 Qc7 7. Qd3 Nc6 8.
Nxc6 Qxc6 9. e4 Bc5 10. Be3 Ng4 11. Bxc5 Qxc5 12. Qe2 h5 13. h3 Ne5 14. Rc1 b5
15. cxb5 axb5 16. a3 h4 17. g4 O-O 18. Bg2 Qc4 19. O-O Qxe2 20. Nxe2 Ba6 21.
Rc2 b4 22. axb4 Rfc8 23. Rd2 Rab8 24. Rfd1 Rxb4 25. Nd4 Nc4 26. Rc2 Nxb2 27.
Rxc8+ Bxc8 28. Rb1 Rxd4 29. Rxb2 Ba6 30. f4 f6 31. Kf2 Kf7 32. Bf3 Ke7 33. Ke3
Rd3+ 34. Kf2 Ra3 35. Rd2 Bf1 36. Rd1 Bc4 37. Rd2 g5 38. fxg5 fxg5 39. Rc2 Ra2
40. Rxa2 Bxa2 41. e5 Bd5 42. Be2 Kd8 43. Bf1 Kc7 44. Ke3 Kb6 45. Kd4 Bc6 46.
Be2 Bg2 47. Ke3 Kc5 48. Kf2 Bc6 0-1

[Event "Pere Noel"]
[Site "Montreal CAN"]
[Date "2010.12.28"]
[Round "3"]
[White "Masse, Hugues"]
[Black "Zhu, Hong Rui"]
[Result "1/2-1/2"]
[WhiteElo "2181"]
[BlackElo "1924"]
[PlyCount "55"]
[EventDate "2010.12.26"]
[EventType "swiss"]
[EventRounds "5"]
[EventCountry "CAN"]

1. d4 d5 2. c4 e6 3. Nc3 Be7 4. Nf3 Nf6 5. Bf4 O-O 6. e3 a6 7. h3 Nbd7 8. cxd5
exd5 9. Bd3 c6 10. O-O Re8 11. Rb1 Nf8 12. b4 Ng6 13. Bh2 Bd6 14. Bxd6 Qxd6 15.
a4 Ne4 16. Bxe4 dxe4 17. Ng5 f5 18. Qb3+ Be6 19. Nxe6 Qxe6 20. b5 axb5 21. axb5
Qxb3 22. Rxb3 Rec8 23. f3 exf3 24. Rxf3 Ra1+ 25. Rf1 Rxf1+ 26. Kxf1 c5 27. Ne2
Ne7 28. dxc5 1/2-1/2

[Event "Pere Noel"]
[Site "Montreal CAN"]
[Date "2010.12.28"]
[Round "3"]
[White "Mathews, Theo"]
[Black "He, Shao Hang"]
[Result "1-0"]
[WhiteElo "1681"]
[BlackElo "1588"]
[PlyCount "78"]
[EventDate "2010.12.26"]
[EventType "swiss"]
[EventRounds "5"]
[EventCountry "CAN"]

1. d4 Nf6 2. c4 e6 3. Nc3 d5 4. Nf3 c6 5. Bg5 Be7 6. e3 Nbd7 7. Bd3 dxc4 8.
Bxc4 b5 9. Bd3 a6 10. O-O Bb7 11. e4 c5 12. e5 Nd5 13. Bxe7 Qxe7 14. Ne4 O-O
15. Nd6 Rab8 16. Nxb7 Rxb7 17. Be4 Rc7 18. Qd2 cxd4 19. Qxd4 N7b6 20. Rac1 Rfc8
21. Rxc7 Rxc7 22. Bd3 Qb4 23. Qe4 Qxe4 24. Bxe4 h6 25. Rd1 Kf8 26. Kf1 Ke7 27.
g3 Rc5 28. Ke2 Na4 29. Bxd5 Rxd5 30. Rb1 Rc5 31. Kd2 Rd5+ 32. Ke3 Nb6 33. b3
Rc5 34. Rb2 Nd5+ 35. Kd4 Rc7 36. Nd2 Nb4 37. f4 Nd5 38. Ne4 Rd7 39. Nc5 Nxf4+
1-0

[Event "Pere Noel"]
[Site "Montreal CAN"]
[Date "2010.12.28"]
[Round "3"]
[White "Pregent, Daniel"]
[Black "Plante, Michel"]
[Result "0-1"]
[WhiteElo "1845"]
[BlackElo "2142"]
[PlyCount "62"]
[EventDate "2010.12.26"]
[EventType "swiss"]
[EventRounds "5"]
[EventCountry "CAN"]

1. d4 d6 2. Nf3 g6 3. c4 Bg7 4. Nc3 Bg4 5. h3 Bxf3 6. gxf3 c5 7. e3 cxd4 8.
exd4 Qb6 9. Nd5 Qa5+ 10. Bd2 Qd8 11. Qa4+ Nd7 12. Ba5 b6 13. Bc3 Ngf6 14. Nf4
O-O 15. Bd3 e5 16. Ne2 exd4 17. Bxd4 Nc5 18. Qc2 Nxd3+ 19. Qxd3 d5 20. cxd5
Qxd5 21. O-O-O Qxa2 22. Kd2 Rfd8 23. Ke1 Qe6 24. Qe3 Qf5 25. Kf1 Nh5 26. Ng3
Nxg3+ 27. fxg3 Rxd4 28. Rxd4 Bxd4 29. Qxd4 Qxf3+ 30. Kg1 Qxg3+ 31. Kf1 Re8 0-1

[Event "Pere Noel"]
[Site "Montreal CAN"]
[Date "2010.12.28"]
[Round "3"]
[White "Robichaud, Louis"]
[Black "Perna-Fraser, David"]
[Result "1-0"]
[WhiteElo "2082"]
[BlackElo "1537"]
[PlyCount "59"]
[EventDate "2010.12.26"]
[EventType "swiss"]
[EventRounds "5"]
[EventCountry "CAN"]

1. e4 e5 2. Nf3 Nf6 3. Nxe5 d6 4. Nf3 Nxe4 5. d4 Be7 6. Bd3 Nf6 7. O-O O-O 8.
Re1 Bg4 9. Nbd2 Nc6 10. c3 a6 11. Nf1 g6 12. h3 Bd7 13. Bh6 Re8 14. Ng3 Bf8 15.
Qd2 Bxh6 16. Qxh6 d5 17. Rxe8+ Qxe8 18. Qf4 Qd8 19. Ng5 Be8 20. Re1 Qd6 21. Qh4
Bd7 22. f4 Ne7 23. Qh6 Nf5 24. Bxf5 Bxf5 25. Nxf5 gxf5 26. Re5 Qb6 27. Rxf5
Qxb2 28. Qxf6 Qc1+ 29. Kh2 Rf8 30. Nxf7 1-0

[Event "Pere Noel"]
[Site "Montreal CAN"]
[Date "2010.12.28"]
[Round "3"]
[White "Rousseau, Daniel"]
[Black "Ramaswamy, Kiran"]
[Result "1-0"]
[WhiteElo "2163"]
[BlackElo "1899"]
[PlyCount "81"]
[EventDate "2010.12.26"]
[EventType "swiss"]
[EventRounds "5"]
[EventCountry "CAN"]

1. e4 c5 2. Nf3 Nc6 3. d4 cxd4 4. Nxd4 Nf6 5. Nc3 d6 6. Bg5 g6 7. Bxf6 exf6 8.
Bb5 Bd7 9. O-O Nxd4 10. Bxd7+ Qxd7 11. Qxd4 Be7 12. Nd5 Qd8 13. Qa4+ Kf8 14.
Qb4 Qd7 15. Rad1 Rd8 16. Qd4 Kg7 17. Rd3 b6 18. Ra3 Rc8 19. Qa4 Qxa4 20. Rxa4
Bd8 21. c3 a5 22. Rd4 Re8 23. a4 Rc6 24. Rfd1 Be7 25. Kf1 Bf8 26. c4 Re5 27. b3
Re8 28. Nc3 Re6 29. Rd5 Rc5 30. f3 Rc6 31. Rb5 Re8 32. Nd5 Rb8 33. Ke2 Rb7 34.
Kd3 Be7 35. Rb1 Bd8 36. b4 Ra7 37. bxa5 bxa5 38. Rb8 Rd7 39. Ra8 f5 40. exf5
gxf5 41. Rbb8 1-0

[Event "Pere Noel"]
[Site "Montreal CAN"]
[Date "2010.12.28"]
[Round "3"]
[White "Schommer, Philippe"]
[Black "Ramaswamy, Kishor"]
[Result "0-1"]
[WhiteElo "1909"]
[BlackElo "2179"]
[PlyCount "36"]
[EventDate "2010.12.26"]
[EventType "swiss"]
[EventRounds "5"]
[EventCountry "CAN"]

1. e4 c6 2. Ne2 d5 3. e5 c5 4. b4 b6 5. bxc5 bxc5 6. Ng3 e6 7. Bb5+ Bd7 8. Be2
Nc6 9. f4 c4 10. O-O Nd4 11. Bg4 Nh6 12. Bh3 Ba4 13. Na3 Bc5 14. Kh1 Qe7 15.
Nb1 Bxc2 16. Qe1 Bd3 17. Bb2 Nc2 18. Qd1 Rb8 0-1

[Event "Pere Noel"]
[Site "Montreal CAN"]
[Date "2010.12.28"]
[Round "3"]
[White "Voskanyan, Vahagn"]
[Black "Dumouchel, Alain"]
[Result "1-0"]
[WhiteElo "2290"]
[BlackElo "2007"]
[PlyCount "57"]
[EventDate "2010.12.26"]
[EventType "swiss"]
[EventRounds "5"]
[EventCountry "CAN"]

1. Nf3 Nf6 2. c4 c5 3. d4 cxd4 4. Nxd4 g6 5. g3 Bg7 6. Bg2 O-O 7. Nc3 d6 8. O-O
Nc6 9. Nxc6 bxc6 10. Bxc6 Rb8 11. Bg2 Ng4 12. Qc2 Ne5 13. b3 Bf5 14. e4 Bg4 15.
f3 Be6 16. Be3 Qd7 17. Rad1 Rfc8 18. Nd5 f5 19. Bh3 Kh8 20. exf5 gxf5 21. Qd2
Rxc4 22. bxc4 Nxc4 23. Qe1 Rb5 24. Nf4 Re5 25. Ng2 f4 26. Bxe6 Rxe6 27. gxf4
Qb5 28. Qf2 Rg6 29. Bd4 1-0

[Event "Pere Noel"]
[Site "Montreal CAN"]
[Date "2010.12.28"]
[Round "3"]
[White "Xu, Tian Run"]
[Black "Auger, Bertrand"]
[Result "0-1"]
[WhiteElo "1635"]
[BlackElo "1928"]
[PlyCount "58"]
[EventDate "2010.12.26"]
[EventType "swiss"]
[EventRounds "5"]
[EventCountry "CAN"]

1. e4 e6 2. d4 d5 3. e5 b6 4. Nf3 Ba6 5. Bxa6 Nxa6 6. c3 Qd7 7. O-O c5 8. a3 c4
9. h3 Ne7 10. Nh2 Nc7 11. f4 h5 12. g4 hxg4 13. hxg4 g6 14. Nd2 Nc6 15. Qc2
O-O-O 16. f5 gxf5 17. gxf5 Nxe5 18. dxe5 Bc5+ 19. Kh1 Rxh2+ 20. Kxh2 f6 21. Rf3
Qg7 22. Rg3 Qh6+ 23. Rh3 Qf4+ 24. Kh1 Qg4 25. Nf3 Qxh3+ 26. Nh2 Rh8 27. Qg2
Qxf5 28. exf6 Bd6 29. f7 Qxf7 0-1

[Event "Pere Noel"]
[Site "Montreal CAN"]
[Date "2010.12.28"]
[Round "3"]
[White "Yun, Chang"]
[Black "Bolduc, Steve"]
[Result "0-1"]
[WhiteElo "2288"]
[BlackElo "1776"]
[PlyCount "130"]
[EventDate "2010.12.26"]
[EventType "swiss"]
[EventRounds "5"]
[EventCountry "CAN"]

1. e4 c5 2. Nf3 g6 3. d4 cxd4 4. Nxd4 Nc6 5. Be3 Nf6 6. Nc3 Bg7 7. Be2 O-O 8.
Nb3 d6 9. O-O Na5 10. e5 Ne8 11. Nxa5 Qxa5 12. Nd5 dxe5 13. b4 Qd8 14. Bc5 Nf6
15. Nxe7+ Kh8 16. Nxc8 Qxd1 17. Raxd1 Raxc8 18. c4 Ne4 19. Rd7 Nc3 20. Bf3 e4
21. Bg4 f5 22. Bd1 b6 23. Rxg7 bxc5 24. Rb7 cxb4 25. Rxb4 a5 26. Rb7 Rxc4 27.
Bb3 Rc5 28. Rd7 Rfc8 29. a4 R8c7 30. Rxc7 Rxc7 31. Ra1 Kg7 32. Kf1 Kf6 33. Rc1
Ke5 34. Ke1 f4 35. Kd2 Kd4 36. Re1 Rb7 37. Bc2 Rb2 38. h4 h6 39. g3 g5 40. hxg5
hxg5 41. gxf4 gxf4 42. Kc1 Rb6 43. Kd2 Rh6 44. Rg1 Rh2 45. Ke1 e3 46. fxe3+
Kxe3 47. Bd1 f3 48. Bxf3 Kxf3 49. Rg5 Ne4 50. Rf5+ Ke3 51. Kd1 Nc3+ 52. Kc1 Kd3
53. Rf3+ Kc4 54. Rf4+ Kd5 55. Rf5+ Kd4 56. Rf4+ Ne4 57. Rf5 Nc5 58. Rf4+ Kc3
59. Rf3+ Nd3+ 60. Kb1 Rh4 61. Rf5 Rb4+ 62. Ka1 Kc2 63. Rxa5 Rb1+ 64. Ka2 Nc1+
65. Ka3 Rb3# 0-1

[Event "Pere Noel"]
[Site "Montreal CAN"]
[Date "2010.12.29"]
[Round "4"]
[White "Auger, Bertrand"]
[Black "Mathews, Theo"]
[Result "1-0"]
[WhiteElo "1928"]
[BlackElo "1681"]
[PlyCount "67"]
[EventDate "2010.12.26"]
[EventType "swiss"]
[EventRounds "5"]
[EventCountry "CAN"]

1. Nf3 d5 2. g3 f5 3. c4 e6 4. d4 Nf6 5. Bg2 c6 6. Nc3 Bd6 7. O-O O-O 8. Qb3
Nbd7 9. Ng5 Qe7 10. cxd5 exd5 11. e4 fxe4 12. Ngxe4 Nxe4 13. Nxe4 Bc7 14. Bd2
Qf7 15. Ng5 Qg6 16. Be4 Qe8 17. Bxh7+ Kh8 18. Rae1 Qh5 19. Qd3 Nf6 20. Bg6 Qg4
21. h3 Qd7 22. Re5 Bxe5 23. dxe5 Qe7 24. exf6 gxf6 25. Re1 Qg7 26. Ne6 Bxe6 27.
Rxe6 Rac8 28. Qf5 Qd7 29. Qh5+ Kg8 30. Bc3 d4 31. Bxd4 Rc7 32. Bxf6 Rxf6 33.
Rxf6 Qe7 34. Qf3 1-0

[Event "Pere Noel"]
[Site "Montreal CAN"]
[Date "2010.12.29"]
[Round "4"]
[White "Bolduc, Steve"]
[Black "Schommer, Philippe"]
[Result "1-0"]
[WhiteElo "2288"]
[BlackElo "1909"]
[PlyCount "77"]
[EventDate "2010.12.26"]
[EventType "swiss"]
[EventRounds "5"]
[EventCountry "CAN"]

1. e4 d6 2. d4 Nf6 3. Nc3 Nbd7 4. Nf3 e5 5. Bc4 Be7 6. O-O O-O 7. Re1 c6 8. a4
h6 9. Ba2 Re8 10. Qd3 exd4 11. Qxd4 Ne5 12. Bf4 Nxf3+ 13. gxf3 Nh5 14. Bg3 Bf6
15. Qxd6 Qb6 16. Qc7 Qxc7 17. Bxc7 Bh3 18. Rad1 Rac8 19. Bg3 g5 20. e5 Bg7 21.
Ne4 Nxg3 22. hxg3 Bxe5 23. g4 Kg7 24. Rd7 Rc7 25. Bxf7 Rf8 26. Be6+ Rxd7 27.
Bxd7 Bb8 28. Re3 Bf4 29. Rd3 Rf7 30. Ng3 Bxg3 31. fxg3 h5 32. Bf5 Re7 33. Kf2
hxg4 34. fxg4 b5 35. Rd6 bxa4 36. Rg6+ Kf7 37. Rh6 Bxg4 38. Bxg4 Rb7 39. Rh7+
1-0

[Event "Pere Noel"]
[Site "Montreal CAN"]
[Date "2010.12.29"]
[Round "4"]
[White "Castellanos, Renier"]
[Black "Sambuev, Bator"]
[Result "1-0"]
[WhiteElo "2482"]
[BlackElo "2555"]
[PlyCount "113"]
[EventDate "2010.12.26"]
[EventType "swiss"]
[EventRounds "5"]
[EventCountry "CAN"]

1. e4 e6 2. d4 d5 3. Nd2 c5 4. Ngf3 Nf6 5. e5 Nfd7 6. c3 Nc6 7. Bd3 c4 8. Bc2
b5 9. O-O Nb6 10. b3 Be7 11. Re1 Bd7 12. bxc4 bxc4 13. Nf1 Na5 14. h4 h6 15.
Ng3 g6 16. h5 g5 17. Nh2 Bc6 18. Ng4 Qd7 19. a4 O-O-O 20. Nf1 Kb7 21. Nd2 Ka8
22. Re3 Rb8 23. Rf3 Qe8 24. Nf6 Qf8 25. Nb1 Nb3 26. Bxb3 cxb3 27. Qxb3 Bxa4 28.
Qa2 Rb7 29. Ba3 Bb5 30. Bxe7 Qxe7 31. Na3 Bc4 32. Qc2 Rc8 33. Ng4 Ba6 34. Re3
Qf8 35. Nf6 Rc6 36. Qh7 Na4 37. Nc2 Bb5 38. Ra3 Rbc7 39. Rb3 Nxc3 40. Nb4 Ne2+
41. Kh2 Nxd4 42. Nxc6 Rxc6 43. Rxb5 Nxb5 44. Ng4 Qb4 45. Qg8+ Kb7 46. Qxf7+ Kb6
47. Nxh6 d4 48. Rf3 Qe1 49. Ng4 Nc3 50. h6 Ne2 51. Rb3+ Kc5 52. Qxa7+ Kc4 53.
Qa4+ Kd5 54. Qb5+ Rc5 55. Nf6+ Kxe5 56. Nd7+ Kf5 57. Qd3+ 1-0

[Event "Pere Noel"]
[Site "Montreal CAN"]
[Date "2010.12.29"]
[Round "4"]
[White "Dumont, Felix"]
[Black "Masse, Hugues"]
[Result "0-1"]
[WhiteElo "1998"]
[BlackElo "2181"]
[PlyCount "114"]
[EventDate "2010.12.26"]
[EventType "swiss"]
[EventRounds "5"]
[EventCountry "CAN"]

1. c4 Nf6 2. Nc3 d5 3. cxd5 Nxd5 4. e4 Nxc3 5. bxc3 g6 6. Bc4 Bg7 7. Nf3 O-O 8.
h4 h6 9. h5 g5 10. Nxg5 hxg5 11. h6 Bf6 12. e5 Bxe5 13. Qh5 Bf6 14. d4 Bf5 15.
Bxg5 e6 16. h7+ Kh8 17. Bh6 Bg7 18. Qf3 Bxh6 19. Rxh6 Qg5 20. Rh5 Qg4 21. Qxg4
Bxg4 22. Rg5 Bf5 23. d5 Nd7 24. g4 Ne5 25. Be2 Nd3+ 26. Kd2 Nxf2 27. Rg8+ Kxh7
28. Rxf8 Rxf8 29. gxf5 exd5 30. Bf3 Ne4+ 31. Bxe4 dxe4 32. Ke3 Re8 33. Rg1 Kh6
34. Rg2 Re5 35. Kf4 f6 36. Ke3 Rxf5 37. Kxe4 Rg5 38. Rd2 Re5+ 39. Kf4 Kg6 40.
Rd3 Rc5 41. Rg3+ Kf7 42. Ke4 Ke6 43. Kd4 b6 44. c4 Kf5 45. Rg1 Kf4 46. Rf1+ Kg5
47. Rg1+ Kh4 48. Rc1 Kg3 49. Rc3+ Kf2 50. Ke4 f5+ 51. Kf4 Ke2 52. Rh3 Kd2 53.
Rg3 Kc2 54. a3 a5 55. Rh3 Kb2 56. Rg3 Rxc4+ 57. Kxf5 Rc3 0-1

[Event "Pere Noel"]
[Site "Montreal CAN"]
[Date "2010.12.29"]
[Round "4"]
[White "Giroux, Robert"]
[Black "Voskanyan, Vahagn"]
[Result "1/2-1/2"]
[WhiteElo "1953"]
[BlackElo "2290"]
[PlyCount "142"]
[EventDate "2010.12.26"]
[EventType "swiss"]
[EventRounds "5"]
[EventCountry "CAN"]

1. d4 d5 2. c4 c6 3. Nf3 Nf6 4. e3 e6 5. Bd3 Nbd7 6. O-O Bd6 7. Nbd2 O-O 8. e4
dxe4 9. Nxe4 Nxe4 10. Bxe4 h6 11. Be3 f5 12. Bc2 e5 13. dxe5 Nxe5 14. Nxe5 Bxe5
15. Qxd8 Rxd8 16. Rad1 Be6 17. b3 Kf7 18. Rxd8 Rxd8 19. Rd1 Re8 20. f4 Bc3 21.
Kf2 b5 22. cxb5 cxb5 23. Bd3 a6 24. Be2 Bb4 25. Bh5+ g6 26. Bf3 a5 27. Bd5 Rc8
28. Bxe6+ Kxe6 29. Rc1 Rxc1 30. Bxc1 Kd5 31. Ke3 Bd6 32. Kd3 a4 33. Be3 h5 34.
h4 Be7 35. g3 axb3 36. axb3 Bb4 37. Bf2 Ba5 38. Ke2 Ke4 39. Bc5 Bc3 40. Bd6 Bf6
41. Ba3 Bd8 42. Bc5 Bc7 43. Be3 Ba5 44. Bc5 Bc3 45. Bd6 Bg7 46. Ba3 Bc3 47. Bd6
Kd5 48. Be7 Ba5 49. Bf8 Bc7 50. Be7 Kd4 51. Bf6+ Ke4 52. Be7 Kd4 53. Bf6+ Kc5
54. Be7+ Kc6 55. Bb4 Bb8 56. Be7 Kd5 57. Bd8 Bd6 58. Bb6 Bf8 59. Be3 Bg7 60.
Bb6 Bd4 61. Bd8 Bg7 62. Bb6 Bf6 63. Kd3 Be7 64. Ke2 Kc6 65. Bd4 Kd5 66. Bb6 Bd6
67. Be3 Ba3 68. Kd3 Bb4 69. Ke2 Bc3 70. Bb6 Bb2 71. Bd8 Bg7 1/2-1/2

[Event "Pere Noel"]
[Site "Montreal CAN"]
[Date "2010.12.29"]
[Round "4"]
[White "Larochelle, Martial"]
[Black "Dudak, Mateusz"]
[Result "1-0"]
[WhiteElo "2206"]
[BlackElo "1893"]
[PlyCount "89"]
[EventDate "2010.12.26"]
[EventType "swiss"]
[EventRounds "5"]
[EventCountry "CAN"]

1. c4 f5 2. g3 Nf6 3. Bg2 g6 4. Nf3 Bg7 5. O-O d6 6. d4 O-O 7. b3 c6 8. Bb2 Na6
9. Nbd2 Ne4 10. e3 Bd7 11. a3 b5 12. Nxe4 fxe4 13. Nd2 d5 14. cxd5 cxd5 15. f3
exf3 16. Bxf3 Bf5 17. Qe2 Rb8 18. Rac1 Rb6 19. b4 Nb8 20. Rc5 Rd6 21. Qxb5 Bd7
22. Qe2 e6 23. Nb3 Ba4 24. Nd2 a6 25. Rfc1 Bb5 26. Qd1 Qg5 27. R5c3 e5 28. Qe1
exd4 29. Rc7 Re6 30. Rxg7+ Kxg7 31. Bxd4+ Kg8 32. Rc5 Bc6 33. Qc1 Qd8 34. Bg2
Bb7 35. Nb3 Nd7 36. Rc7 Ba8 37. Na5 Re7 38. Nc6 Bxc6 39. Qxc6 Nf6 40. Bxf6 Rxf6
41. Qxf6 Qxc7 42. Bxd5+ Rf7 43. Qxf7+ Qxf7 44. Bxf7+ Kxf7 45. a4 1-0

[Event "Pere Noel"]
[Site "Montreal CAN"]
[Date "2010.12.29"]
[Round "4"]
[White "Lemieux, Serge"]
[Black "Gerard, Patrice"]
[Result "1-0"]
[WhiteElo "1446"]
[BlackElo "1876"]
[PlyCount "117"]
[EventDate "2010.12.26"]
[EventType "swiss"]
[EventRounds "5"]
[EventCountry "CAN"]

1. d4 g6 2. c4 Nf6 3. Nc3 Bg7 4. e4 d6 5. Nf3 O-O 6. Bf4 Nc6 7. Be3 e5 8. d5
Ne7 9. Bd3 h6 10. h3 Bd7 11. Qd2 Kh7 12. Nh2 Nh5 13. Ne2 f5 14. exf5 gxf5 15.
g4 Nf6 16. Bxh6 Bxh6 17. g5 Bg7 18. gxf6 Rxf6 19. Ng4 Rg6 20. O-O-O Ng8 21.
Rdg1 Nh6 22. Kb1 e4 23. Nf4 exd3 24. Nxg6 fxg4 25. hxg4 Kxg6 26. Qxd3+ Kf7 27.
Qf3+ Qf6 28. Qxf6+ Bxf6 29. g5 Ng4 30. gxf6 Bf5+ 31. Kc1 Re8 32. f3 Nxf6 33.
Kd2 Nd7 34. Rg5 Kf6 35. f4 Ne5 36. Rxf5+ Kxf5 37. fxe5 dxe5 38. Ke3 Re7 39.
Rf1+ Kg5 40. Ke4 Kg4 41. Rf5 Rh7 42. Rxe5 Rh2 43. Kd3 Rxb2 44. Re7 b5 45. Rxc7
bxc4+ 46. Rxc4+ Kf5 47. Ra4 Rb7 48. Kd4 Re7 49. Kc5 Ke5 50. d6 Rd7 51. Ra6 Kf6
52. a4 Ke5 53. a5 Ke6 54. Rc6 Kf7 55. Rc7 Ke6 56. Rxd7 Kxd7 57. Kd5 Kd8 58. Kc6
Kc8 59. a6 1-0

[Event "Pere Noel"]
[Site "Montreal CAN"]
[Date "2010.12.29"]
[Round "4"]
[White "Leutschaft, Martin"]
[Black "Galbadrakh, Enkh-Amar"]
[Result "1-0"]
[WhiteElo "2127"]
[BlackElo "2197"]
[PlyCount "54"]
[EventDate "2010.12.26"]
[EventType "swiss"]
[EventRounds "5"]
[EventCountry "CAN"]

1. e4 c5 2. Nf3 d6 3. Bb5+ Nc6 4. c3 Bd7 5. O-O Nf6 6. Re1 a6 7. Bf1 g6 8. h3
Bg7 9. d4 e5 10. dxc5 dxc5 11. Bg5 h6 12. Bh4 g5 13. Bg3 Qe7 14. Nbd2 Rd8 15.
a4 O-O 16. Nc4 Bc8 17. Qc2 Nh5 18. Ne3 Be6 19. Rad1 Nxg3 20. fxg3 Na5 21. Nd5
Bxd5 22. exd5 c4 23. Kh1 f5 24. Nd4 Rxd5 25. Nxf5 Rxf5 26. Rxd5 Qf7 27. Qd1 Rf2
1-0

[Event "Pere Noel"]
[Site "Montreal CAN"]
[Date "2010.12.29"]
[Round "4"]
[White "Perna-Fraser, David"]
[Black "Pregent, Daniel"]
[Result "1-0"]
[WhiteElo "1537"]
[BlackElo "1845"]
[PlyCount "87"]
[EventDate "2010.12.26"]
[EventType "swiss"]
[EventRounds "5"]
[EventCountry "CAN"]

1. e4 c6 2. d4 d5 3. e5 Bf5 4. Bd3 Bxd3 5. Qxd3 e6 6. Qb3 Qb6 7. Qxb6 axb6 8.
Nf3 c5 9. c3 Nc6 10. Bf4 Nge7 11. Na3 Ng6 12. Bg3 cxd4 13. Nb5 Kd7 14. Nbxd4 f6
15. exf6 gxf6 16. Nc2 Be7 17. O-O f5 18. h4 h5 19. Rfe1 f4 20. Bh2 Raf8 21.
Ncd4 e5 22. Nxc6 bxc6 23. Nxe5+ Nxe5 24. Rxe5 Bxh4 25. Kf1 Be7 26. f3 Bd6 27.
Rg5 h4 28. Rg7+ Ke6 29. Rg6+ Rf6 30. Re1+ Kf7 31. Rxf6+ Kxf6 32. Bg1 c5 33. Bf2
h3 34. gxh3 Rxh3 35. Kg2 Rh5 36. Re8 Re5 37. Rxe5 Bxe5 38. Kf1 d4 39. cxd4 Bxd4
40. Bxd4+ cxd4 41. a4 d3 42. b4 Ke5 43. Ke1 Kd4 44. Kd2 1-0

[Event "Pere Noel"]
[Site "Montreal CAN"]
[Date "2010.12.29"]
[Round "4"]
[White "Pilotte, Benoit"]
[Black "Gagnon, Serge"]
[Result "0-1"]
[WhiteElo "1744"]
[BlackElo "2034"]
[PlyCount "82"]
[EventDate "2010.12.26"]
[EventType "swiss"]
[EventRounds "5"]
[EventCountry "CAN"]

1. g4 d5 2. Bg2 c6 3. h3 f5 4. gxf5 Bxf5 5. e4 dxe4 6. Nc3 Nf6 7. Nge2 e6 8.
Ng3 Bc5 9. Qe2 Bb6 10. Ncxe4 Nxe4 11. Bxe4 O-O 12. d3 Bxf2+ 13. Qxf2 Bxe4 14.
Nxe4 Rxf2 15. Kxf2 Qd4+ 16. Ke2 Nd7 17. Bd2 Qxb2 18. Rab1 Qe5 19. Rxb7 Nc5 20.
Rb4 Rf8 21. Be3 Qh5+ 22. Kd2 Nxe4+ 23. Rxe4 Qa5+ 24. Ke2 Qh5+ 25. Rg4 Rf6 26.
Rb1 Qxh3 27. Rb8+ Rf8 28. Rxf8+ Kxf8 29. Rf4+ Ke8 30. Bxa7 g5 31. Re4 h5 32. a4
Kf7 33. a5 Qf5 34. Bb6 Qb5 35. Bc7 Qb7 36. Bd8 g4 37. Kf2 Qb8 38. Bb6 Qh2+ 39.
Kf1 Qxc2 40. Rd4 Kg6 41. Bd8 Qd1+ 0-1

[Event "Pere Noel"]
[Site "Montreal CAN"]
[Date "2010.12.29"]
[Round "4"]
[White "Plante, Michel"]
[Black "Forget, Luc"]
[Result "1-0"]
[WhiteElo "2142"]
[BlackElo "1998"]
[PlyCount "47"]
[EventDate "2010.12.26"]
[EventType "swiss"]
[EventRounds "5"]
[EventCountry "CAN"]

1. d4 d6 2. e4 Nf6 3. Nc3 g6 4. Nf3 Bg7 5. Be3 c6 6. Qd2 Nbd7 7. O-O-O O-O 8.
Bh6 Re8 9. Bxg7 Kxg7 10. e5 Ng4 11. h4 Nf8 12. h5 dxe5 13. Nxe5 Be6 14. Qf4 f6
15. hxg6 fxe5 16. gxh7 exf4 17. h8=Q+ Kf7 18. Ne4 Qd5 19. c4 Qa5 20. Rh5 Qxa2
21. Ng5+ Kg6 22. Bd3+ Bf5 23. Qg8+ Kf6 24. Qf7# 1-0

[Event "Pere Noel"]
[Site "Montreal CAN"]
[Date "2010.12.29"]
[Round "4"]
[White "Prahov, Valentin"]
[Black "Bouchard, Jean-Marc"]
[Result "0-1"]
[WhiteElo "2191"]
[BlackElo "1872"]
[PlyCount "80"]
[EventDate "2010.12.26"]
[EventType "swiss"]
[EventRounds "5"]
[EventCountry "CAN"]

1. e4 e6 2. d4 d5 3. e5 Bd7 4. Nf3 a6 5. c3 Bb5 6. Bxb5+ axb5 7. Qd3 c6 8. O-O
Ne7 9. Bg5 h6 10. Bh4 g5 11. Nxg5 hxg5 12. Bxg5 Nd7 13. f4 Bh6 14. Bh4 Qb6 15.
g4 Bxf4 16. Bxe7 Bxh2+ 17. Kg2 Kxe7 18. Qf3 Rh7 19. Nd2 Rah8 20. Rh1 Bxe5 21.
Rxh7 Rxh7 22. dxe5 Nxe5 23. Qf4 Ng6 24. Qg5+ Kd7 25. Nb3 Nh4+ 26. Kg3 Qc7+ 27.
Qf4 Ng6 28. Qxc7+ Kxc7 29. a4 bxa4 30. Rxa4 Ne5 31. Nc1 Rg7 32. Kh3 b5 33. Rf4
c5 34. b3 Kd6 35. Ne2 Nd7 36. Ng3 Ke5 37. Ne2 Nf6 38. b4 c4 39. Kh4 Ne4 40. Kh3
Nxc3 0-1

[Event "Pere Noel"]
[Site "Montreal CAN"]
[Date "2010.12.29"]
[Round "4"]
[White "Ramaswamy, Kiran"]
[Black "Brassard, Sylvain"]
[Result "1-0"]
[WhiteElo "1899"]
[BlackElo "1787"]
[PlyCount "93"]
[EventDate "2010.12.26"]
[EventType "swiss"]
[EventRounds "5"]
[EventCountry "CAN"]

1. c4 Nf6 2. g3 e6 3. Bg2 d5 4. b3 Be7 5. Nf3 O-O 6. O-O Ne4 7. e3 Bf6 8. d4 c5
9. Bb2 dxc4 10. bxc4 cxd4 11. Bxd4 Bxd4 12. Nxd4 Nc5 13. e4 Qf6 14. Re1 Nc6 15.
Nxc6 Qxa1 16. Ne7+ Kh8 17. Qd6 Bd7 18. Qxc5 Rfe8 19. e5 Ba4 20. Qb4 Bc2 21.
Bxb7 Rad8 22. Na3 Qxa2 23. Nxc2 Qxc2 24. Be4 Qd2 25. Nc6 Qxb4 26. Nxb4 Rd4 27.
Bc6 Rb8 28. Bb5 Rxb5 29. cxb5 Rxb4 30. Ra1 Rxb5 31. Rxa7 h5 32. Rxf7 Rxe5 33.
Rf8+ Kh7 34. Kg2 Kg6 35. h4 Rf5 36. Rxf5 Kxf5 37. Kf3 e5 38. Ke3 e4 39. Kd4 g5
40. hxg5 Kxg5 41. Kxe4 Kg4 42. Ke3 Kg5 43. f3 Kf5 44. Kd4 Kf6 45. Ke4 Ke6 46.
f4 Kf6 47. f5 1-0

[Event "Pere Noel"]
[Site "Montreal CAN"]
[Date "2010.12.29"]
[Round "4"]
[White "Ramaswamy, Kishor"]
[Black "Khassanov, Marat"]
[Result "1-0"]
[WhiteElo "2179"]
[BlackElo "2282"]
[PlyCount "129"]
[EventDate "2010.12.26"]
[EventType "swiss"]
[EventRounds "5"]
[EventCountry "CAN"]

1. d4 d5 2. Nf3 Nf6 3. Bf4 g6 4. e3 Bg7 5. Be2 O-O 6. O-O Nh5 7. Bg3 Nxg3 8.
hxg3 Nd7 9. Nbd2 e5 10. Rb1 c5 11. dxe5 Nxe5 12. b4 cxb4 13. Nxe5 Bxe5 14. Rxb4
Qa5 15. Rb5 Qxa2 16. c4 Rd8 17. cxd5 b6 18. Bc4 Qa3 19. Rb3 Qf8 20. Nf3 Bg7 21.
e4 Bg4 22. Qb1 Rac8 23. Bb5 Rc5 24. Rc1 Bh6 25. Rxc5 Qxc5 26. Qd3 Bg7 27. Bc6
f5 28. Kh2 fxe4 29. Qxe4 Bf5 30. Qe2 Qc2 31. Qe3 Qe4 32. Qg5 Rf8 33. Re3 Qb4
34. Qe7 Qxe7 35. Rxe7 Rf7 36. d6 Bf6 37. Bd5 Bxe7 38. dxe7 Bd7 39. Ng5 Kg7 40.
Bxf7 Kf6 41. e8=Q Bxe8 42. Bxe8 Kxg5 43. Kg1 Kf5 44. Kf1 Ke4 45. Ke2 a6 46. Kd2
Kd4 47. Kc2 g5 48. Kb3 Kd3 49. Kb4 g4 50. Bc6 Ke2 51. f4 gxf3 52. gxf3 Ke3 53.
f4 Kd4 54. Bb7 a5+ 55. Kb5 h6 56. Bf3 Ke3 57. Bc6 Kd4 58. Bg2 a4 59. Kxa4 Kc5
60. Bf1 Kd5 61. Kb5 Ke4 62. Kxb6 h5 63. Bg2+ Kf5 64. Bh3+ Ke4 65. f5 1-0